000 00810nas a2200265 4500
001 BR7900848
003 BR-BrBNA
005 20231205083629.0
007 ta
008 230509b bl.|||p| |||| 00| 00por d
040 _aBR-BrBNA
_bpor
_cBiblioteca Nacional de Agricultura
041 _a(Pt)
072 _aF22
100 1 _aVieira, H.A.
100 1 _aBernardo, S.
100 1 _aThiebaut, J.T.L.
100 1 _aValente, O.F.
245 1 _aComportamento de quatro infiltrometros na determinacao da velocidade de infiltracao basica d'agua no solo
650 _aFISICA DO SOLO
650 _aINFILTRACAO
650 _aINFILTROMETRO
773 0 _tRevista Ceres (Brazil)
_xISSN 0034-737X
_g(Sep 1978), v. 25(141) p. 428-433
_wBR7900848
909 _a202311
_bLúcia
_c55
_dLúcia Elande
942 _2AGRIS
_n0
_cANA
999 _c100178
_d100178